Statistics for All 50k+ Cities in Israel and Palestine with a Map

Click here to take the quiz!

General Stats

  • This quiz has been taken 2,023 times
  • The average score is 15 of 50

Answers on the Map

Answers color-coded by a green-red scale on the quiz's map according to % correct below.
 

Answer Stats

CountryPopulationCity% Correct
Israel / Palestine1,234,325Jerusalem
98%
Israel460,613Tel Aviv
96%
Palestine673,200Gaza
87%
Israel285,316Haifa
86%
Israel76,246Ramla
73%
Israel209,687Beersheba
60%
Israel77,445Nazareth
56%
Israel52,299Eilat
55%
Israel144,073Ashkelon
52%
Palestine215,600Hebron
52%
Israel225,939Ashdod
50%
Palestine164,800Nablus
44%
Israel221,353Netanya
42%
Israel247,956Petah Tikva
33%
Israel254,384Rishon LeZion
33%
Palestine225,200Rafah
32%
Israel196,282Holon
31%
Palestine63,600Jenin
31%
Israel163,480Ramat Gan
31%
Palestine266,900Khan Yunis
30%
Israel77,223Lod
25%
Israel129,013Bat Yam
24%
Israel204,639Bnei Brak
24%
Israel143,904Rehovot
24%
Israel97,470Herzliya
23%
Israel97,335Hadera
21%
Israel58,096Nahariya
21%
Israel93,277Modi'in-Maccabim-Re'ut
20%
Israel124,957Beit Shemesh
19%
Israel101,432Kfar Saba
19%
Israel54,250Afula
18%
Israel75,421Ra'anana
16%
Israel63,175Hod HaSharon
15%
Israel57,105Kiryat Gat
15%
Palestine77,900Tulkarm
15%
Palestine242,900Jabalia
14%
Israel71,437Rahat
14%
Israel60,644Givatayim
13%
Israel50,351Ness Ziona
13%
Israel56,109Umm al-Fahm
12%
Palestine57,100Beit Hanoun
10%
Palestine88,400Deir al-Balah
10%
Israel59,030Kiryat Ata
10%
Palestine54,700Qalqilya
10%
Israel61,801Rosh HaAyin
10%
Palestine98,200Beit Lahia
9%
Palestine59,270Beitar Illit
8%
Palestine76,374Modi'in Illit
8%
Palestine68,100Yatta
8%
Palestine93,300Nuseirat
7%

Score Distribution

Percentile by Number Answered

Percent of People with Each Score

Your Score History

You have not taken this quiz